| 000 | 00805nac a22002291u 4500 | ||
|---|---|---|---|
| 010 | _a 79015573 | ||
| 020 | _a0870062794 | ||
| 082 | 0 | 0 |
_a671.52 _bALT |
| 090 |
_c6535 _d6535 |
||
| 100 | _aAlthouse, Andrew Danie | ||
| 245 | 1 | 0 |
_aModern welding : _bcomplete coverage of the welding field in one easy-to-use volume / _cby Andrew D. Althouse, and Carl H. Turnquist, and William A. Bowditch. |
| 260 |
_aSouth Holland, Ill. : _bGoodheart-Wilcox Co.,c1980. _cc1980. |
||
| 300 |
_a752 p. : _bill. ; _c26 cm. |
||
| 500 | _aIncludes index. | ||
| 500 | _aDistributer: Al-Ahram. | ||
| 511 | _aCatalogued By: Mahitab. | ||
| 650 | 0 | _aWelding. | |
| 650 | 0 | _aMetals. | |
| 700 | 1 |
_aTurnquist, Carl Harold, _d1910- |
|
| 700 | 1 | _aBowditch, William A., | |
| 942 |
_cBB _k671.52ALT |
||
| 999 |
_c6535 _d6535 |
||